000 00393nam a22001697a 4500
005 20160520112318.0
008 160520b xxu||||| |||| 00| 0 eng d
020 _a978-81-318-0058-4
041 _aeng
082 _b3454
100 _aRajpurt R K
_9867
245 _aEngineering Thermodynamics
260 _bLaxmi Pub.
300 _a922
650 _aDIPLOMA ENGINEERING
_9817
942 _cBK
999 _c1186
_d1186